Perspectivas históricas de la economía chilena: del siglo XIX a la crisis del 30
Saved in:
| 主要作者: | |
|---|---|
| 格式: | 圖書 |
| 語言: | 西班牙语 |
| 出版: |
Santiago
CIEPLAN
1984
|
| 叢編: | Estudios CIEPLAN,
12 |
| 主題: | |
| 標簽: |
添加標簽
沒有標簽, 成為第一個標記此記錄!
|
MARC
| LEADER | 00000nam a2200000 a 4500 | ||
|---|---|---|---|
| 001 | UCW8391 | ||
| 003 | CL-VaPUC | ||
| 005 | 20220606112944.0 | ||
| 008 | 880818e19840000CL |||||||||||||||||spa|d | ||
| 999 | |c 220775 |d 220773 | ||
| 040 | |c Pontificia Universidad Católica de Valparaíso | ||
| 082 | 0 | 4 | |a 983 MUÑ 1984 |2 21 |
| 100 | |a Muñoz Gomá, Oscar |e autor |9 588181 | ||
| 245 | 1 | 0 | |a Perspectivas históricas de la economía chilena: |b del siglo XIX a la crisis del 30 |
| 260 | |a Santiago |b CIEPLAN |c 1984 | ||
| 300 | |a 171 páginas | ||
| 490 | 0 | |a Estudios CIEPLAN, |v 12 | |
| 583 | |a last modification |c 19880818 00:00:00 |k Rodrigo Vera | ||
| 650 | 0 | |a Historia económica |z CHILE |9 307218 | |
| 852 | |a BIBCUR | ||
| 942 | |c BK |2 ddc | ||
| 945 | |d 19880818 00:00:00 | ||
| 952 | |0 0 |1 0 |2 ddc |4 0 |6 983_000000000000000_MUÑ_1984 |7 0 |8 A |9 213374 |a BIBHIS |b BIBHIS |d 2019-11-15 |i 2817454 |o 983 MUÑ 1984 |p 2817454 |r 2025-01-20 |t 1 |w 2019-11-15 |y BK |k HIS | ||
| 952 | |0 0 |1 0 |2 ddc |4 0 |6 983_000000000000000_MUÑ_1984 |7 0 |8 A |9 213375 |a BIBHIS |b BIBHIS |d 2019-11-15 |i 2817462 |o 983 MUÑ 1984 |p 2817462 |r 2025-01-20 |t 2 |w 2019-11-15 |y BK |k HIS | ||
| 952 | |0 0 |1 0 |2 ddc |4 0 |6 983_000000000000000_MUÑ_1984 |7 0 |8 A |9 213376 |a BIBHIS |b BIBHIS |d 2019-11-15 |i 2817470 |o 983 MUÑ 1984 |p 2817470 |r 2025-01-20 |t 3 |w 2019-11-15 |y BK |k HIS | ||
| 952 | |0 0 |1 0 |2 ddc |4 0 |6 983_000000000000000_MUÑ_1984 |7 0 |8 A |9 213377 |a BIBHIS |b BIBHIS |d 2019-11-15 |i 3951812 |l 1 |o 983 MUÑ 1984 |p 3951812 |r 2025-01-20 |s 2024-08-09 |t 4 |w 2019-11-15 |y BK |k HIS | ||